|
|
|
|
| LEADER |
00000cam a22000004a 4500 |
| 001 |
musev2_73436 |
| 003 |
MdBmJHUP |
| 005 |
20230905051600.0 |
| 006 |
m o d |
| 007 |
cr||||||||nn|n |
| 008 |
160526s2016 nyu o 00 0 eng d |
| 020 |
|
|
|a 9781782047056
|
| 020 |
|
|
|z 9781580465564
|
| 035 |
|
|
|a (OCoLC)950613551
|
| 040 |
|
|
|a MdBmJHUP
|c MdBmJHUP
|
| 100 |
1 |
|
|a Hanley, James G.
|q (James Gerald)
|
| 245 |
1 |
0 |
|a Healthy Boundaries :
|b Property, Law, and Public Health in England and Wales, 1815-1872 /
|c James G. Hanley.
|
| 264 |
|
1 |
|a Rochester, NY :
|b University of Rochester Press,
|c 2016.
|
| 264 |
|
3 |
|a Baltimore, Md. :
|b Project MUSE,
|c 2021
|
| 264 |
|
4 |
|c ©2016.
|
| 300 |
|
|
|a 1 online resource (270 pages).
|
| 336 |
|
|
|a text
|b txt
|2 rdacontent
|
| 337 |
|
|
|a computer
|b c
|2 rdamedia
|
| 338 |
|
|
|a online resource
|b cr
|2 rdacarrier
|
| 490 |
0 |
|
|a Rochester studies in medical history,
|x 1526-2715
|
| 505 |
0 |
|
|a Frontcover; Contents; Acknowledgments; Abbreviations; Introduction; 1 The Laws of Nuisance before 1846: Property, Health, and Democracy in the Age of Reform; 2 Private Benefit and Public Service: Paying for Sewers before 1848; 3 The Boundaries of Health, 1848-70; 4 The Benefits of Health: London, 1848-65; 5 Healthy Domesticity, 1848-72; Conclusion; Notes; Bibliography; Index.
|
| 520 |
|
|
|a Argues that the legacies of Victorian public health in England and Wales were not just better health and cleaner cities, but also new ideas of property, liability, and community.
|
| 588 |
|
|
|a Description based on print version record.
|
| 650 |
|
7 |
|a Public health
|x Social aspects.
|2 fast
|0 (OCoLC)fst01082307
|
| 650 |
|
7 |
|a Public health
|x Political aspects.
|2 fast
|0 (OCoLC)fst01082284
|
| 650 |
|
7 |
|a Public health.
|2 fast
|0 (OCoLC)fst01082238
|
| 650 |
|
7 |
|a HISTORY
|z Europe
|z Great Britain.
|2 bisacsh
|
| 650 |
|
7 |
|a POLITICAL SCIENCE
|x Public Policy
|x Social Services & Welfare.
|2 bisacsh
|
| 650 |
|
7 |
|a POLITICAL SCIENCE
|x Public Policy
|x Social Security.
|2 bisacsh
|
| 650 |
|
2 |
|a Public Health
|x history.
|
| 650 |
|
0 |
|a Public health
|x Political aspects
|z Wales
|x History
|y 19th century.
|
| 650 |
|
0 |
|a Public health
|x Political aspects
|z England
|x History
|y 19th century.
|
| 650 |
|
0 |
|a Public health
|x Social aspects
|z Wales
|x History
|y 19th century.
|
| 650 |
|
0 |
|a Public health
|x Social aspects
|z England
|x History
|y 19th century.
|
| 650 |
|
0 |
|a Public health
|z Wales
|x History
|y 19th century.
|
| 650 |
|
0 |
|a Public health
|z England
|x History
|y 19th century.
|
| 651 |
|
7 |
|a Wales.
|2 fast
|0 (OCoLC)fst01207649
|
| 651 |
|
7 |
|a England.
|2 fast
|0 (OCoLC)fst01219920
|
| 651 |
|
2 |
|a England.
|
| 655 |
|
7 |
|a History.
|2 fast
|0 (OCoLC)fst01411628
|
| 655 |
|
7 |
|a Electronic books.
|2 local
|
| 710 |
2 |
|
|a Project Muse.
|e distributor
|
| 830 |
|
0 |
|a Book collections on Project MUSE.
|
| 856 |
4 |
0 |
|z Texto completo
|u https://projectmuse.uam.elogim.com/book/73436/
|
| 945 |
|
|
|a Project MUSE - Custom Collection
|
| 945 |
|
|
|a Project MUSE - Archive Complete Supplement IX
|
| 945 |
|
|
|a Project MUSE - Archive Public Health and Health Policy Supplement II
|